000 01156nam a2200229Ia 4500
003 Ost
005 20260507075553.0
008 260507s9999||||xx |||||||||||||| ||und||
040 _cfsecg
041 _aara
082 _a300
100 _aابراهيم، وفاء زكي
_eمؤلف
245 0 _aدور السياحة في التنمية الاجتماعية :
_bدراسة تقويمية للقرى السياحية /
_c وفاء زكي ابراهيم
260 _aالاسكندرية:
_bالمكتب الجامعي الحديث,
_c2006
300 _a482 صفحة؛
_bإيضاحات ؛
_c24 سم
504 _aمراجع ص.456, ملاحق ص.473
520 _aالنظرية - النشأة - المفهوم و السياحة و أنواعها و أهميتها اضافة الى التشريعات و القوانين و علاقتهما بتطور ظاهرة السياحة و التنمية السياحية و أخيرا خاتمة الدراسة و أهم النتائج و التوصيات.
653 _aالتنمية الاجتماعية
653 _aالتنمية السياحية
653 _aالسياحة
942 _cكتاب
999 _c44942
_d44942